| 000 | 00801cab a2200241 4500 | ||
|---|---|---|---|
| 001 | WB3445-05 | ||
| 008 | 090401t1998 xxu||||| |||| 00| 0 eng d | ||
| 035 | _a(Sirsi) u89931 | ||
| 041 | _aeng | ||
| 245 | _aGreen house for the future | ||
| 260 | _c1998 | ||
| 350 | _a0 | ||
| 490 |
_aTimes _v25 November 1998, 36(1) |
||
| 520 | _aThe Integer Millennium house at the BRE site in Watford is near completion. The building combines low-tech environmentally friendly design with advanced information technology. | ||
| 650 | _aBUILDING RESEARCH ESTABLISHMENT | ||
| 650 | _aENERGY SAVING | ||
| 650 | _aENVIRONMENTALLY FRIENDLY HOUSES | ||
| 650 | _aGREEN BUILDINGS | ||
| 650 | _aINTEGER MILLENNIUM HOUSE | ||
| 690 | _aBUILT ENVIRONMENT-CONSTRUCTION DESIGN | ||
| 942 | _n0 | ||
| 948 | _c25/11/1998 | ||
| 999 |
_c56941 _d56941 |
||